000 00309nam a22001337a 4500
020 _a9780122423529
082 _a664
_bESK/BI
100 _aShahidi Fereidoon
_aEskin , N.A. Michael
_9269
245 _aBiochemistry of Foods
250 _a3
260 _aLondon
_bElsevier
_c2013
300 _a565
942 _cREF
999 _c14208
_d14208